000 00399nam a2200157Ia 4500
005 20250409081853.0
008 231217s9999 xx 000 0 und d
020 _a9788131501764
082 _a001.642 FLY;2
100 _aFlynn, Ida M. McHoes, Ann McIver.
245 0 _aOperating systems
260 _c2006
_bCengage Learning
_aNew Delhi
300 _a421
650 _aOperating
942 _cAA
999 _c194529
_d194529